[Event "Euro Online U2300 Day 2"]
[Site "chess.com INT"]
[Date "2020.05.26"]
[Round "6"]
[White "Labiano Hernandez, Juan"]
[Black "Hakobyan, Hakob V."]
[Result "0-1"]
[WhiteElo "2158"]
[BlackElo "2070"]
[WhiteFideId "24556840"]
[BlackFideId "13308807"]
[EventDate "2020.05.26"]

1. e4 Nc6 2. Nf3 d6 3. d4 Nf6 4. Nc3 g6 5. Bc4 Bg7 6. O-O O-O 7. d5 Nb8 8. h3 c6
9. Qe2 b5 10. Bb3 b4 11. Nd1 a5 12. c4 Ba6 13. Qc2 cxd5 14. exd5 Nbd7 15. Be3
Rc8 16. Qd2 Bxc4 17. Bxc4 Rxc4 18. Bd4 Qa8 19. Ne3 Rc7 20. Rac1 Rfc8 21. Rxc7
Rxc7 22. Re1 Nc5 23. Bxf6 Bxf6 24. Ng4 Bg7 25. h4 h5 26. Nh6+ Kf8 27. Qf4 Qxd5 0-1

[Event "Euro Online U2300 Day 2"]
[Site "chess.com INT"]
[Date "2020.05.26"]
[Round "6"]
[White "Ranaldi, Lucas"]
[Black "Upero, Jussi"]
[Result "1-0"]
[WhiteTitle "FM"]
[WhiteElo "2353"]
[BlackElo "2176"]
[WhiteFideId "1519484"]
[BlackFideId "504491"]
[EventDate "2020.05.26"]

1. Nf3 d5 2. c4 d4 3. g3 Nc6 4. Bg2 e5 5. d3 Bb4+ 6. Nbd2 a5 7. O-O Nf6 8. a3
Be7 9. Qc2 h6 10. e3 dxe3 11. fxe3 O-O 12. Ne1 Ng4 13. Ne4 f5 14. Nc3 Bc5 15.
Nd5 f4 16. gxf4 exf4 17. d4 Bf5 18. Qe2 Bxd4 19. exd4 Nxd4 20. Qd1 Qh4 21. h3 f3
22. Nxf3 Nxf3+ 23. Qxf3 Be4 24. Qxg4 Rxf1+ 25. Bxf1 Qe1 26. Bxh6 1-0

[Event "Euro Online U2300 Day 2"]
[Site "chess.com INT"]
[Date "2020.05.26"]
[Round "6"]
[White "Tevzadze, Mariam"]
[Black "Dornbusch, Tatiana"]
[Result "1/2-1/2"]
[BlackTitle "WGM"]
[WhiteElo "1834"]
[BlackElo "2268"]
[WhiteFideId "13605470"]
[BlackFideId "14107449"]
[EventDate "2020.05.26"]

1. d4 Nf6 2. Nf3 c5 3. c3 g6 4. Bf4 Bg7 5. e3 O-O 6. Be2 d6 7. Nbd2 Nc6 8. O-O
cxd4 9. exd4 Be6 10. Ng5 Bf5 11. Nb3 Nd5 12. Bd2 e5 13. Bf3 Nb6 14. dxe5 dxe5
15. Be4 Nc4 16. Bxf5 gxf5 17. Qe2 Nxd2 18. Qxd2 Qxd2 19. Nxd2 Bh6 20. f4 f6 21.
Ne6 Rfc8 22. Nf3 Kf7 23. Nc5 Bxf4 24. Kh1 b6 25. Nd3 Be3 26. Rae1 f4 27. Nfxe5+
Nxe5 28. Nxe5+ fxe5 29. Rxe3 Kf6 30. Rh3 Kg6 31. g3 Rf8 32. gxf4 exf4 33. Rg1+
Kf5 34. Rh5+ Ke4 35. Rxh7 f3 36. Re7+ Kd3 37. Rf1 Rf4 38. Rd7+ Ke2 39. Rfd1 f2
40. R7d2+ Ke3 41. Rd3+ Ke2 42. R1d2+ Ke1 43. Rd1+ Ke2 44. R3d2+ Ke3 45. Rd3+ Ke2 1/2-1/2

[Event "Euro Online U2300 Day 2"]
[Site "chess.com INT"]
[Date "2020.05.26"]
[Round "6"]
[White "Prydun, Andriy"]
[Black "Salna, Aleksandras"]
[Result "0-1"]
[WhiteTitle "FM"]
[WhiteElo "2254"]
[BlackElo "2063"]
[WhiteFideId "14145898"]
[BlackFideId "12807575"]
[EventDate "2020.05.26"]

1. d4 d5 2. Nc3 Nf6 3. Bf4 c6 4. e3 Bf5 5. Nf3 e6 6. Ne5 Nbd7 7. g4 Nxe5 8. gxf5
Ned7 9. fxe6 fxe6 10. Bd3 Nb6 11. Qf3 Bd6 12. Be5 Qe7 13. O-O-O Bxe5 14. dxe5
Nfd7 15. Qg3 O-O-O 16. Rhg1 g6 17. h4 Nc5 18. Qg4 Nxd3+ 19. Rxd3 Kb8 20. Ne2 Nc4
21. Qd4 c5 22. Qf4 Rhf8 23. Qg3 Qc7 24. f4 Qb6 25. b3 Na5 26. Qe1 c4 27. Rc3 Rc8
28. Kb2 cxb3 29. cxb3 Nc4+ 30. Ka1 Nxe3 31. h5 Nc2+ 32. Rxc2 Rxc2 33. Qd1 Rxe2 0-1

[Event "Euro Online U2300 Day 2"]
[Site "chess.com INT"]
[Date "2020.05.26"]
[Round "6"]
[White "Burdalev, Kirill"]
[Black "Mladek, Richard"]
[Result "1-0"]
[WhiteTitle "FM"]
[BlackTitle "FM"]
[WhiteElo "2394"]
[BlackElo "2280"]
[WhiteFideId "14121913"]
[BlackFideId "386588"]
[EventDate "2020.05.26"]

1. d4 Nf6 2. Nf3 g6 3. g3 Bg7 4. Bg2 O-O 5. O-O d6 6. c4 Nc6 7. Nc3 a6 8. Qd3
Rb8 9. d5 Na7 10. Be3 c5 11. a4 Bf5 12. Qd2 Ng4 13. Bf4 Qb6 14. h3 Nf6 15. Bh6
Qb4 16. Bxg7 Kxg7 17. Nh4 Bd7 18. Qd3 Ra8 19. a5 Nc8 20. Nf3 b5 21. Nd2 Na7 22.
b3 Rab8 23. Rfb1 e5 24. e4 Nh5 25. Nf1 f5 26. Ne3 fxe4 27. Nxe4 Nc8 28. Qd1 Nf6
29. Nc2 Nxe4 30. Nxb4 Nc3 31. Qe1 cxb4 32. c5 Re8 33. c6 Bf5 34. Rc1 Ne7 35.
Rxc3 bxc3 36. Qxc3 b4 37. Qe3 Rb5 38. Qa7 Bc8 39. Qc7 e4 40. Bxe4 Bxh3 41. Qxd6
Nc8 42. Qf4 Rc5 43. d6 Rf8 44. Qe3 1-0

[Event "Euro Online U2300 Day 2"]
[Site "chess.com INT"]
[Date "2020.05.26"]
[Round "6"]
[White "Budisavljevic, Luka"]
[Black "Papp, Petra"]
[Result "0-1"]
[WhiteTitle "FM"]
[BlackTitle "WGM"]
[WhiteElo "2444"]
[BlackElo "2338"]
[WhiteFideId "960047"]
[BlackFideId "739049"]
[EventDate "2020.05.26"]

1. d4 Nf6 2. Nf3 g6 3. c4 Bg7 4. Nc3 d5 5. h4 c6 6. cxd5 cxd5 7. Bf4 Nc6 8. e3
O-O 9. Ne5 Ne4 10. Nxc6 bxc6 11. Nxe4 dxe4 12. Bc4 Ba6 13. Qe2 Qa5+ 14. Kf1 Bxc4
15. Qxc4 e5 16. dxe5 Bxe5 17. b4 Qc7 18. Qxe4 Rfe8 19. Bxe5 Rxe5 20. Qf4 Qe7 21.
h5 g5 22. Qc4 Rd8 23. Ke2 Re4 24. Qxc6 Qxb4 25. Rhd1 Qb2+ 26. Kf3 Rde8 27. g4
R4e6 0-1

[Event "Euro Online U2300 Day 2"]
[Site "chess.com INT"]
[Date "2020.05.26"]
[Round "6"]
[White "Tsomaia, Nikoloz"]
[Black "Hasanagic, Alim"]
[Result "0-1"]
[BlackTitle "CM"]
[WhiteElo "2240"]
[BlackElo "2225"]
[WhiteFideId "13611518"]
[BlackFideId "14605198"]
[EventDate "2020.05.26"]

1. e4 d6 2. d4 Nf6 3. Nc3 e5 4. Nf3 Nbd7 5. Bc4 Be7 6. O-O O-O 7. a4 c6 8. Qe2
h6 9. Rd1 Qc7 10. Ba2 exd4 11. Nxd4 Nc5 12. Bf4 Re8 13. a5 Bf8 14. f3 Ne6 15.
Be3 d5 16. Nxe6 Bxe6 17. exd5 Nxd5 18. Bxd5 Bxd5 19. Nxd5 cxd5 20. Rd3 Bc5 21.
Qf2 Bxe3 22. Rxe3 Rxe3 23. Qxe3 Qxc2 24. Qd4 Re8 25. Qxd5 Re2 26. f4 Qxb2 27.
Rd1 g6 28. f5 gxf5 29. Qf3 Qe5 30. Kf1 Re4 31. h3 Rf4 0-1

[Event "Euro Online U2300 Day 2"]
[Site "chess.com INT"]
[Date "2020.05.26"]
[Round "6"]
[White "Pham, Khoi"]
[Black "Kharatyan, Roman"]
[Result "1/2-1/2"]
[WhiteElo "2048"]
[BlackElo "1984"]
[WhiteFideId "1054988"]
[BlackFideId "13305220"]
[EventDate "2020.05.26"]

1. d4 Nf6 2. c4 d6 3. Nc3 g6 4. e4 Bg7 5. h3 O-O 6. Be3 Nc6 7. Nge2 e5 8. d5 Ne7
9. g4 a6 10. Ng3 Rb8 11. g5 Nd7 12. Be2 b5 13. cxb5 axb5 14. Nxb5 Ba6 15. a4 f5
16. gxf6 Nxf6 17. Kf1 Qd7 18. Kg2 c6 19. dxc6 Nxc6 20. h4 Nd4 21. Nxd4 exd4 22.
Bxd4 Nxe4 23. Nxe4 Bxd4 24. Bxa6 Rxb2 25. Qxd4 Qg4+ 26. Kf1 Rfxf2+ 27. Qxf2 Qxe4
28. Kg1 Qg4+ 29. Kf1 Qe4 30. Rg1 Rxf2+ 31. Kxf2 Qxh4+ 32. Ke2 Qe4+ 33. Kd2 Qd5+
34. Bd3 Qa5+ 35. Kc2 Qc5+ 36. Kb3 Qb6+ 37. Kc3 Qc5+ 38. Kd2 Qb4+ 39. Kc2 Qc5+
40. Kb3 Qb6+ 41. Bb5 Qe3+ 42. Kb4 Qd4+ 43. Ka5 Qa7+ 44. Kb4 Qc5+ 45. Kb3 Qe3+
46. Kc2 Qc5+ 47. Kd2 Qd4+ 48. Bd3 Qf2+ 49. Kc3 Qc5+ 50. Kb2 Qd4+ 51. Kc2 Qc5+ 1/2-1/2

[Event "Euro Online U2300 Day 2"]
[Site "chess.com INT"]
[Date "2020.05.26"]
[Round "6"]
[White "Rabatin, Jakub"]
[Black "Haring, Viktor"]
[Result "1/2-1/2"]
[WhiteTitle "FM"]
[BlackTitle "FM"]
[WhiteElo "2271"]
[BlackElo "2298"]
[WhiteFideId "329517"]
[BlackFideId "14919400"]
[EventDate "2020.05.26"]

1. e4 c5 2. Nf3 d6 3. d4 cxd4 4. Nxd4 Nf6 5. Nc3 a6 6. f4 e6 7. Bd3 Be7 8. Qf3
Qc7 9. Be3 b5 10. a3 Bb7 11. g4 Nc6 12. g5 Nd7 13. O-O O-O 14. f5 Nxd4 15. Bxd4
Bxg5 16. fxe6 fxe6 17. Qg4 Bf6 18. Qxe6+ Kh8 19. Bxf6 Nxf6 20. Qf5 Rae8 21. Rae1
Re5 22. Qf4 Rfe8 23. Re2 Qc5+ 24. Qf2 Rg5+ 25. Kh1 Qe5 26. Qf4 Kg8 27. Qxe5
Rexe5 28. Rg1 d5 29. Rxg5 Rxg5 30. exd5 Nxd5 31. Nxd5 Rxd5 32. Kg1 Rh5 33. Re8+
Kf7 34. Rb8 Bd5 35. Rb6 Rg5+ 36. Kf1 Rh5 37. Kg1 1/2-1/2

[Event "Euro Online U2300 Day 2"]
[Site "chess.com INT"]
[Date "2020.05.26"]
[Round "6"]
[White "Laux, Dominik"]
[Black "Afonasieva, Anna"]
[Result "1-0"]
[BlackTitle "WIM"]
[WhiteElo "2009"]
[BlackElo "2274"]
[WhiteFideId "12994219"]
[BlackFideId "24173606"]
[EventDate "2020.05.26"]

1. d4 d5 2. Bf4 c5 3. e3 Nc6 4. Nc3 a6 5. Nf3 cxd4 6. exd4 Bg4 7. Be2 e6 8. O-O
Bd6 9. Bxd6 Qxd6 10. Na4 Nf6 11. c3 O-O 12. h3 Bh5 13. Re1 Ne4 14. Nd2 Bxe2 15.
Rxe2 Nxd2 16. Qxd2 Na5 17. Rae1 Rac8 18. Qg5 h6 19. Qg4 b6 20. Re3 g6 21. Rxe6
Qxe6 22. Rxe6 fxe6 23. Qxg6+ Kh8 24. Qxh6+ Kg8 25. Qxe6+ Kh8 26. Qxb6 Nc4 27.
Qh6+ Kg8 28. Qe6+ Kh8 29. Qxd5 Rfe8 30. Kh2 Red8 31. Qh5+ Kg8 32. Nc5 Nd6 33.
Qg6+ Kh8 34. Nxa6 Ne8 35. Nc5 Ng7 36. Ne6 Nxe6 37. Qh6+ Kg8 38. Qxe6+ Kh8 39. a4
Re8 40. Qh6+ Kg8 41. Qg6+ Kh8 42. a5 Re7 43. Qh5+ Rh7 44. Qe5+ Rg7 45. d5 Rf8
46. f3 Kg8 47. d6 Rff7 48. c4 Rg6 49. c5 Rfg7 50. Qe8+ Kh7 51. g4 Rg8 52. Qe4
Kh6 53. d7 Rb8 54. Qf4+ Rg5 55. Qxb8 Rxc5 56. Qd6+ Kh7 57. Qxc5 Kg7 58. Qd6 1-0

[Event "Euro Online U2300 Day 2"]
[Site "chess.com INT"]
[Date "2020.05.26"]
[Round "6"]
[White "Strybuk, Artsiom I"]
[Black "Materia, Marco"]
[Result "1-0"]
[WhiteTitle "FM"]
[BlackTitle "FM"]
[WhiteElo "2215"]
[BlackElo "2269"]
[WhiteFideId "13515659"]
[BlackFideId "45150451"]
[EventDate "2020.05.26"]

1. d4 Nf6 2. c4 e6 3. g3 d5 4. Nf3 Be7 5. Bg2 O-O 6. O-O dxc4 7. Qc2 c6 8. Qxc4
b5 9. Qc2 Bb7 10. Rd1 Nbd7 11. Ne5 Rc8 12. Nc3 Qb6 13. Bg5 Rfd8 14. a4 a6 15. e3
h6 16. Nxd7 Rxd7 17. Bxf6 Bxf6 18. Ne4 Be7 19. Nc5 Bxc5 20. dxc5 Qd8 21. axb5
axb5 22. Rxd7 Qxd7 23. Rd1 Qc7 24. Rd6 Ra8 25. Qd3 Qa5 26. Be4 Rc8 27. Rd7 Ba6
28. b4 Qa1+ 29. Kg2 f5 30. Rd8+ Rxd8 31. Qxd8+ Kh7 32. Bxc6 Qa4 33. Qd4 Qb3 34.
Bf3 e5 35. Qxe5 Bc8 36. Qd4 Qc4 37. Qxc4 bxc4 38. Kf1 Ba6 39. Ke1 Kg8 40. Kd2
Kf7 41. Kc3 Ke6 42. Bc6 g5 43. b5 Bc8 44. b6 1-0

[Event "Euro Online U2300 Day 2"]
[Site "chess.com INT"]
[Date "2020.05.26"]
[Round "6"]
[White "Sargissyan, Sargis"]
[Black "Rusu, Vlad"]
[Result "0-1"]
[WhiteTitle "FM"]
[WhiteElo "2269"]
[BlackElo "1833"]
[WhiteFideId "13303210"]
[BlackFideId "55623344"]
[EventDate "2020.05.26"]

1. e4 e5 2. Nf3 Nc6 3. Bb5 Nf6 4. d3 Bc5 5. Bxc6 dxc6 6. Nbd2 O-O 7. Nc4 Nd7 8.
O-O f6 9. Be3 Qe7 10. Nh4 Bxe3 11. fxe3 Nb6 12. Nd2 Qc5 13. Re1 Be6 14. Nb3 Bxb3
15. axb3 g6 16. Qd2 Qe7 17. g3 a6 18. Rf1 Rad8 19. Rf3 f5 20. exf5 e4 21. f6
Rxf6 22. Rxf6 Qxf6 23. d4 Rf8 24. Qe2 g5 25. Ng2 Qf3 26. Qe1 Nd5 27. c3 Nf6 28.
Rd1 Qh5 29. Rd2 Ng4 30. h4 Rf3 31. Qb1 Rxg3 32. Qxe4 Nxe3 33. Qe6+ Qf7 34. Qxf7+
Kxf7 35. hxg5 Rxg5 36. Kh2 Rxg2+ 37. Rxg2 Nxg2 38. Kxg2 Ke6 39. Kf3 Kf5 40. b4
h6 41. b3 h5 0-1

[Event "Euro Online U2300 Day 2"]
[Site "chess.com INT"]
[Date "2020.05.26"]
[Round "6"]
[White "Roque, Gaetan"]
[Black "De Verdier, Michael"]
[Result "1-0"]
[BlackTitle "FM"]
[WhiteElo "2128"]
[BlackElo "2291"]
[WhiteFideId "20666934"]
[BlackFideId "1710516"]
[EventDate "2020.05.26"]

1. d4 Nf6 2. c4 e6 3. Nf3 d5 4. Nc3 c5 5. e3 dxc4 6. Bxc4 a6 7. a4 Nc6 8. O-O
Be7 9. Qe2 cxd4 10. Rd1 e5 11. exd4 exd4 12. Nxd4 Nxd4 13. Qe5 Qd6 14. Qxd4 Qxd4
15. Rxd4 O-O 16. Bg5 Rd8 17. Rxd8+ Bxd8 18. Rd1 Bf5 19. Nd5 Rc8 20. Bxf6 Bxf6
21. Nxf6+ gxf6 22. b3 Rc6 23. f3 Be6 24. Bxe6 Rxe6 25. Kf2 Rb6 26. Rd3 Kf8 27.
Ke3 Ke7 28. Kd4 Rd6+ 29. Kc4 Rc6+ 30. Kb4 Rc2 31. Rc3 a5+ 32. Kc4 Rxg2 33. Kb5
Rxh2 34. Kxa5 Rd2 35. Kb6 Rd7 36. b4 h5 37. a5 Ke6 38. b5 Kf5 39. Rc7 Rxc7 40.
Kxc7 h4 41. a6 bxa6 42. bxa6 h3 43. a7 h2 44. a8=Q h1=Q 45. Qe4+ Kg5 46. f4+ 1-0

[Event "Euro Online U2300 Day 2"]
[Site "chess.com INT"]
[Date "2020.05.26"]
[Round "6"]
[White "Sirosh, Ilja"]
[Black "Godzwon, Iwo"]
[Result "1/2-1/2"]
[WhiteTitle "IM"]
[BlackTitle "FM"]
[WhiteElo "2405"]
[BlackElo "2347"]
[WhiteFideId "4500458"]
[BlackFideId "21802483"]
[EventDate "2020.05.26"]

1. d4 Nf6 2. c4 e6 3. g3 c5 4. Nf3 cxd4 5. Nxd4 Nc6 6. Bg2 Bb4+ 7. Bd2 Be7 8.
Bc3 O-O 9. O-O Qb6 10. e3 d5 11. Nd2 Bd7 12. Qe2 Rfc8 13. Rfd1 Nxd4 14. Bxd4 Qa6
15. b3 Bc6 16. Rdc1 dxc4 17. Qxc4 Qxc4 18. Nxc4 Bxg2 19. Kxg2 Nd5 20. Na5 b6 21.
Nc6 Ba3 22. Rc2 f6 23. e4 Ne7 24. Nxe7+ Bxe7 25. Rac1 Rd8 26. Be3 Ba3 27. Re1
Rd7 28. f4 Kf7 29. Kf3 Rad8 30. Ke2 Rb8 31. Rd1 Rbb7 32. Rxd7+ Rxd7 33. g4 Bd6
34. Rc6 Ke7 35. h4 Rd8 36. h5 Rd7 37. a4 Rd8 38. f5 exf5 39. exf5 Kd7 40. Rc4 h6
41. Kf3 Re8 42. b4 Re5 43. b5 Rd5 44. Bd4 Be5 45. Be3 Rd3 46. Ke4 Ra3 47. Bf4
Bxf4 48. Kxf4 Ra1 49. Rd4+ Ke7 50. Ke4 Rc1 51. Kd3 Ra1 52. Ke4 1/2-1/2

[Event "Euro Online U2300 Day 2"]
[Site "chess.com INT"]
[Date "2020.05.26"]
[Round "6"]
[White "Yelisieiev, Yevhenii"]
[Black "Grebnev, Aleksey"]
[Result "1/2-1/2"]
[WhiteTitle "IM"]
[WhiteElo "2407"]
[BlackElo "2223"]
[WhiteFideId "14139642"]
[BlackFideId "34189030"]
[EventDate "2020.05.26"]

1. d4 Nf6 2. Nf3 g6 3. g3 Bg7 4. Bg2 O-O 5. O-O d6 6. b3 Nc6 7. Bb2 e5 8. dxe5
Ng4 9. c4 Ngxe5 10. Nc3 Nxf3+ 11. exf3 Bf5 12. Qd2 Nd4 13. f4 Rb8 14. Nb5 Nxb5
15. cxb5 Bxb2 16. Qxb2 Qd7 17. Rac1 Rfc8 18. Rfe1 Be6 19. Qf6 Re8 20. h4 h5 21.
Be4 Re7 22. Bxg6 fxg6 23. Qxg6+ Kf8 24. f5 Bd5 25. f6 Re5 26. f4 Rxe1+ 27. Rxe1
Qg4 28. Qh6+ Kg8 29. Qg5+ Qxg5 30. hxg5 Kf7 31. Re7+ Kg6 32. Rxc7 Re8 33. Rg7+
Kf5 34. Kf2 Rc8 35. Rd7 Rc2+ 36. Ke3 Be6 37. Re7 Rc3+ 38. Kd2 Rc8 39. Rxb7 Kg4
40. Re7 Bd5 41. f7 Bxf7 42. Rxf7 Kxg3 43. g6 Rg8 44. g7 h4 45. f5 h3 46. Re7 h2
47. Re3+ Kf4 48. Rh3 Rxg7 49. Rxh2 Kxf5 50. Re2 Rg3 51. Kc2 d5 52. Re7 Rg2+ 53.
Kb1 d4 54. Rxa7 Ke4 55. b6 Kd3 56. b7 Kc3 57. a4 Rg1+ 58. Ka2 Rg2+ 59. Ka3 Rg1
60. Ka2 Rg2+ 61. Ka3 Rg1 62. Ka2 1/2-1/2

[Event "Euro Online U2300 Day 2"]
[Site "chess.com INT"]
[Date "2020.05.26"]
[Round "6"]
[White "Terletsky, Oleg"]
[Black "Altarbosh, Ward"]
[Result "0-1"]
[WhiteTitle "IM"]
[BlackTitle "FM"]
[WhiteElo "2307"]
[BlackElo "2234"]
[WhiteFideId "14116774"]
[BlackFideId "7601450"]
[EventDate "2020.05.26"]

1. e4 e6 2. d4 d5 3. Nd2 c5 4. Ngf3 cxd4 5. exd5 Qxd5 6. Bc4 Qd6 7. O-O Nf6 8.
Nb3 Nc6 9. Nbxd4 Nxd4 10. Nxd4 Be7 11. Nb5 Qxd1 12. Rxd1 O-O 13. Bf4 Bd7 14. Nd6
Bxd6 15. Bxd6 Rfc8 16. Bb3 Bc6 17. f3 Bd5 18. c3 Bxb3 19. axb3 a6 20. c4 Nd7 21.
Be7 Rc7 22. Rd4 Ne5 23. Bd6 Nc6 24. Bxc7 Nxd4 25. b4 Rc8 26. Rd1 Nc6 27. Rd7 b5
28. cxb5 axb5 29. Ba5 g6 30. Rb7 Nd4 31. Bb6 Rc1+ 32. Kf2 Rc2+ 33. Kf1 Rc1+ 34.
Kf2 Rc2+ 35. Kf1 e5 36. Bxd4 exd4 37. Rxb5 Rxb2 38. h4 Kg7 39. h5 gxh5 40. Rxh5
Rxb4 41. Rd5 Kf6 42. Kf2 Ke6 43. Rd8 Ke5 44. Re8+ Kd5 45. Rd8+ Kc4 46. Rd7 Rb2+
47. Kg3 d3 48. Rxf7 d2 49. Rd7 Kc3 50. f4 Kc2 51. Rc7+ Kd3 52. Rd7+ Ke2 53. Re7+
Kf1 54. Rd7 Rb3+ 55. Kg4 Ke2 56. Rxd2+ Kxd2 57. f5 Ke3 58. f6 Rb7 59. Kf5 Rb1
60. g4 Rf1+ 61. Ke6 Kf4 0-1

[Event "Euro Online U2300 Day 2"]
[Site "chess.com INT"]
[Date "2020.05.26"]
[Round "6"]
[White "Budrewicz, Krzysztof"]
[Black "Spyropoulos, Nikolaos"]
[Result "1-0"]
[BlackTitle "FM"]
[WhiteElo "2227"]
[BlackElo "2403"]
[WhiteFideId "1127950"]
[BlackFideId "4298977"]
[EventDate "2020.05.26"]

1. d4 Nf6 2. c4 e6 3. Nf3 Bb4+ 4. Nbd2 b6 5. g3 Bb7 6. Bg2 O-O 7. O-O a5 8. a3
Bxd2 9. Bxd2 a4 10. Rc1 d6 11. c5 Be4 12. Ne1 Bxg2 13. Nxg2 bxc5 14. dxc5 d5 15.
Nf4 c6 16. Nd3 Nbd7 17. Bf4 Re8 18. Ne5 Qc8 19. Qd4 Qa6 20. Rc2 Ra7 21. Nd3 Rb7
22. f3 Nh5 23. Bd6 Rb3 24. Rd1 Nhf6 25. Rc3 Rb7 26. Rd2 Qa8 27. Kg2 Rb5 28. g4
Rd8 29. g5 Ne8 30. Bg3 Nf8 31. h4 Qb7 32. Qxa4 f6 33. gxf6 gxf6 34. Qg4+ Kh8 35.
b4 Qf7 36. f4 Ng7 37. Kh3 Nf5 38. Bf2 Nd7 39. Ne1 Rg8 40. Qf3 Rg7 41. e4 dxe4
42. Qxe4 Rb8 43. Rcd3 Nf8 44. Rd8 Rxd8 45. Rxd8 Kg8 46. Qxc6 Ne7 47. Qe8 Qxe8
48. Rxe8 Nd5 49. Nd3 Kf7 50. Ra8 Ng6 51. Ra7+ Nge7 52. c6 Rg8 53. Bc5 Rc8 54. b5
Ke8 55. Bxe7 Nxe7 56. Nc5 Rb8 57. a4 Nc8 58. Rxh7 1-0

[Event "Euro Online U2300 Day 2"]
[Site "chess.com INT"]
[Date "2020.05.26"]
[Round "6"]
[White "Hulka, Valentyn"]
[Black "Erdogan, Anil Berk"]
[Result "1-0"]
[BlackTitle "CM"]
[WhiteElo "1892"]
[BlackElo "2155"]
[WhiteFideId "34107061"]
[BlackFideId "6348173"]
[EventDate "2020.05.26"]

1. e4 c5 2. Nf3 g6 3. c3 Bg7 4. d4 cxd4 5. cxd4 d5 6. e5 Bg4 7. Nc3 Nc6 8. Be2
a6 9. O-O e6 10. Nd2 Bxe2 11. Nxe2 Nge7 12. a3 Qb6 13. Nf3 O-O 14. b4 a5 15.
bxa5 Nxa5 16. Bd2 Nc4 17. Bb4 Rfe8 18. Nd2 Qa6 19. Nb3 b6 20. Qd3 Nc6 21. Nc3
Rec8 22. f4 Nb2 23. Qh3 Qc4 24. Nb1 Nxb4 25. N1d2 Qb5 26. axb4 Rxa1 27. Rxa1
Qxb4 28. g4 Nc4 29. Qd3 Nxd2 30. Nxd2 Rc3 31. Ra8+ Bf8 32. Qf1 Qxd4+ 33. Qf2
Qxf2+ 34. Kxf2 Kg7 35. g5 Bc5+ 36. Ke2 Re3+ 37. Kf1 Rh3 38. Kg2 Rc3 39. Nf3 b5
40. h3 b4 41. Nh2 Rc2+ 42. Kg3 Rc3+ 43. Kg2 b3 44. Ng4 b2 45. Nf6 Bf8 46. Ne8+
Kg8 47. Nf6+ Kg7 48. Ne8+ Kg8 49. Rb8 Rc2+ 50. Kg3 h6 51. Nf6+ Kg7 52. gxh6+
Kxh6 53. Rxf8 Rc3+ 54. Kg4 g5 55. fxg5+ Kg7 56. Rg8# 1-0

[Event "Euro Online U2300 Day 2"]
[Site "chess.com INT"]
[Date "2020.05.26"]
[Round "6"]
[White "Mikheev, Aleksey"]
[Black "Podetti, Davide"]
[Result "1/2-1/2"]
[WhiteElo "2239"]
[BlackElo "2173"]
[WhiteFideId "24177660"]
[BlackFideId "893617"]
[EventDate "2020.05.26"]

1. e4 e5 2. Nf3 Nc6 3. Nc3 Nf6 4. Be2 Bc5 5. Nxe5 Nxe5 6. d4 Bb4 7. dxe5 Nxe4 8.
Qd4 Nxc3 9. bxc3 Be7 10. Qg4 g6 11. Qg3 d6 12. Bf4 O-O 13. O-O Bf5 14. Bd3 Bxd3
15. cxd3 dxe5 16. Bxe5 Bd6 17. Bxd6 Qxd6 18. Qxd6 cxd6 19. Rab1 b6 20. Rfe1 Rfe8
21. Kf1 Kf8 22. c4 Rac8 23. a4 Rc5 24. Rb5 Rxe1+ 25. Kxe1 Ke7 26. Kd2 Ke6 27.
Ke3 Re5+ 28. Rxe5+ dxe5 29. f4 f5 30. fxe5 Kxe5 31. d4+ Kf6 32. Kf3 Kg5 33. g3
h6 34. Ke3 Kf6 35. Kf3 Kg5 36. Ke3 Kf6 37. h3 Ke6 38. Kd3 Kf6 39. Ke3 Ke6 40. g4
a6 41. gxf5+ Kxf5 42. Kf3 g5 43. Kg3 h5 44. Kf3 g4+ 45. hxg4+ hxg4+ 46. Kg3 Ke4
47. d5 Ke5 48. Kxg4 b5 1/2-1/2

[Event "Euro Online U2300 Day 2"]
[Site "chess.com INT"]
[Date "2020.05.26"]
[Round "6"]
[White "Gevorgyan, Albert"]
[Black "Sahakyan, Arman K."]
[Result "0-1"]
[WhiteElo "2170"]
[BlackElo "1775"]
[WhiteFideId "13309951"]
[BlackFideId "13310992"]
[EventDate "2020.05.26"]

1. Nf3 d5 2. c4 dxc4 3. e3 Nf6 4. Bxc4 e6 5. Nc3 c5 6. O-O Nc6 7. d4 cxd4 8.
exd4 Be7 9. Re1 O-O 10. Bf4 a6 11. Rc1 b5 12. Bd3 Bb7 13. Bb1 Rc8 14. a3 Na5 15.
Ne5 Nd5 16. Nxd5 Bxd5 17. Qh5 f5 18. Rxc8 Qxc8 19. Rc1 Qb7 20. f3 Nb3 21. Rd1
Bf6 22. Kh1 Qa7 23. Bg5 Bxe5 24. dxe5 Qf2 25. Be7 Rf7 26. Qh4 Qxb2 27. Bb4 h6
28. Qd8+ Kh7 29. h4 Qxe5 30. Qe8 Rb7 31. h5 Qf6 32. Bc3 Qg5 33. Be5 Re7 34. Qf8
Qxh5+ 35. Kg1 Rf7 36. Qe8 Na5 37. g4 Qg6 38. Kf2 Bxf3 39. gxf5 Qg2+ 40. Ke3 Qe2+
41. Kf4 g5+ 42. Kg3 Qg2# 0-1

[Event "Euro Online U2300 Day 2"]
[Site "chess.com INT"]
[Date "2020.05.26"]
[Round "6"]
[White "Kacharava, Nikolozi"]
[Black "Kalogeris, Ioannis"]
[Result "1-0"]
[WhiteTitle "IM"]
[BlackTitle "FM"]
[WhiteElo "2437"]
[BlackElo "2312"]
[WhiteFideId "13611860"]
[BlackFideId "4239563"]
[EventDate "2020.05.26"]

1. e4 e5 2. Nf3 Nc6 3. Bc4 Bc5 4. c3 Nf6 5. d3 O-O 6. O-O d5 7. exd5 Nxd5 8. Re1
Bg4 9. Nbd2 Nf4 10. Ne4 Bb6 11. Bxf4 exf4 12. d4 h6 13. Be2 Re8 14. Nfd2 Bxe2
15. Qxe2 Ne7 16. Qf3 f5 17. Nf6+ gxf6 18. Qxf4 Kf7 19. Nc4 Qd5 20. Qxh6 Qxc4 21.
Qh7+ Kf8 22. Qh6+ Kg8 23. Re3 f4 24. Rh3 Nf5 25. Qh7+ Kf8 26. Qxf5 Ke7 27. Rh7+
Qf7 28. Rxf7+ Kxf7 29. Qxf4 Re7 30. g3 Rae8 31. Rd1 c6 32. Rd3 Re1+ 33. Kg2 R1e2
34. Rf3 Bd8 35. b3 Rxa2 36. Re3 Rxe3 37. Qxe3 Ra3 38. Qd3 b5 39. d5 Rxb3 40.
dxc6 Ke8 41. Qd7+ 1-0

[Event "Euro Online U2300 Day 2"]
[Site "chess.com INT"]
[Date "2020.05.26"]
[Round "6"]
[White "Shapiro, David"]
[Black "Slizunkov, Dmitry"]
[Result "1/2-1/2"]
[WhiteTitle "FM"]
[WhiteElo "2392"]
[BlackElo "2120"]
[WhiteFideId "24133523"]
[BlackFideId "34185949"]
[EventDate "2020.05.26"]

1. d4 Nf6 2. Nc3 d5 3. Bf4 a6 4. e3 Bf5 5. f3 e6 6. g4 Bg6 7. h4 h6 8. h5 Bh7 9.
Bd3 Bxd3 10. Qxd3 c5 11. Nge2 Nc6 12. Rd1 Rc8 13. e4 cxd4 14. Nxd4 Nxd4 15. Qxd4
Bc5 16. Qa4+ Rc6 17. g5 hxg5 18. Bxg5 Qc7 19. Ne2 b5 20. Qb3 dxe4 21. fxe4 Qe5
22. Qg3 Qxg3+ 23. Nxg3 Bd6 24. Rh3 Be5 25. c3 a5 26. Ne2 Rc4 1/2-1/2